[Event "Province VR 80th"]
[Site "Zevio Verona"]
[Date "2020.01.25"]
[Round "3.6"]
[White "Goldoni, Claudio"]
[Black "Marcori, Mirko"]
[Result "1-0"]
[WhiteElo "1825"]
[BlackElo "1649"]
[PlyCount "69"]
[EventDate "2020.01.24"]
[EventType "swiss"]
[EventRounds "5"]
[EventCountry "ITA"]
[SourceTitle "EXT 2024"]
[Source "ChessBase"]
[SourceDate "2023.10.10"]
[SourceVersion "1"]
[SourceVersionDate "2023.10.10"]
[SourceQuality "1"]

1. e4 c5 2. Nf3 Nf6 3. e5 Nd5 4. c4 Nb6 5. d4 Na6 6. d5 d6 7. Bd3 Bg4 8. Bf4 Nb4 9. Nc3 Nxd3+ 10. Qxd3 Bxf3 11. gxf3 dxe5 12. Bxe5 f6 13. Bg3 a6 14. 0-0-0 Nc8 15. Rhe1 Kf7 16. Qe3 Qd7 17. Qxc5 g6 18. Re6 h5 19. h4 Bh6+ 20. Kb1 Re8 21. Rde1 Bf8 22. Ne4 b6 23. Qd4 Bg7 24. c5 bxc5 25. Nxc5 Qb5 26. a4 Qa5 27. Nb7 Qxe1+ 28. Rxe1 f5 29. Be5 Bxe5 30. Qxe5 Nd6 31. Qe6+ Kf8 32. Nxd6 exd6 33. Qf6+ Kg8 34. Qxg6+ Kf8 35. Qf6+ 1-0

[Event "Arco op 40th"]
[Site "Arco"]
[Date "2018.10.18"]
[Round "6"]
[White "Renzi, Marco"]
[Black "Marcori, Mirko"]
[Result "1-0"]
[WhiteElo "1929"]
[BlackElo "1725"]
[PlyCount "79"]
[EventDate "2018.10.13"]
[EventType "swiss"]
[EventRounds "9"]
[EventCountry "ITA"]
[SourceTitle "CBM 186 Extra"]
[Source "ChessBase"]
[SourceDate "2018.08.24"]
[SourceVersion "1"]
[SourceVersionDate "2018.08.24"]
[SourceQuality "1"]

1. e4 e6 2. d4 d5 3. Nc3 Nf6 4. Bg5 Be7 5. e5 Nfd7 6. Bxe7 Qxe7 7. Qg4 0-0 8. f4 f5 9. Qh5 g6 10. Qh6 Nc6 11. Nf3 Qg7 12. Qg5 a6 13. h4 Qe7 14. 0-0-0 Rf7 15. Be2 Nf8 16. Qg3 Rg7 17. Qf2 b5 18. Rdg1 Bd7 19. Nd1 b4 20. Ne3 a5 21. g4 b3 22. axb3 a4 23. gxf5 a3 24. bxa3 Qxa3+ 25. Kd1 Qb4 26. Bd3 Ra1+ 27. Ke2 Nxd4+ 28. Nxd4 Rxg1 29. Rxg1 Qxd4 30. f6 Rf7 31. h5 c5 32. Qg3 c4 33. Bxg6 hxg6 34. hxg6 Rxf6 35. exf6 Qxf6 36. bxc4 dxc4 37. g7 Nh7 38. Qg6 Qh4 39. Ng4 c3 40. Nh6+ 1-0

[Event "Verona Province-ch"]
[Site "Zevio Verona"]
[Date "2014.01.19"]
[Round "2"]
[White "Bartiromo, Gerardo"]
[Black "Marcori, Mirko"]
[Result "0-1"]
[WhiteElo "1676"]
[BlackElo "1752"]
[PlyCount "130"]
[EventDate "2014.01.18"]
[EventType "swiss"]
[EventRounds "6"]
[EventCountry "ITA"]
[SourceTitle "EXT 2015"]
[Source "ChessBase"]
[SourceDate "2014.11.20"]
[SourceVersion "1"]
[SourceVersionDate "2014.11.20"]
[SourceQuality "1"]

1. e4 e6 2. d4 d5 3. Nd2 Nc6 4. Bb5 Bd7 5. Bxc6 Bxc6 6. e5 Ne7 7. Ngf3 Ng6 8. 0-0 Be7 9. c3 0-0 10. Re1 Bd7 11. b4 b6 12. a4 c5 13. Ba3 Rc8 14. dxc5 bxc5 15. b5 c4 16. Bxe7 Qxe7 17. g3 f6 18. Qe2 fxe5 19. Nxe5 Nxe5 20. Qxe5 Qc5 21. Qd4 Qxd4 22. cxd4 Kf7 23. Nf3 Ke7 24. Ne5 Rc7 25. Re3 Kd6 26. f4 Rf6 27. Rf1 Rb7 28. Rb1 Be8 29. Rc3 a6 30. Kf2 axb5 31. axb5 Rxb5 32. Rxb5 Bxb5 33. Ke3 Rf8 34. h4 Rb8 35. g4 Be8 36. h5 Rb3 37. Kd2 Rb2+ 38. Rc2 Rxc2+ 39. Kxc2 Ba4+ 40. Kc3 Bd1 41. Kb4 Ke7 42. Kc3 Ba4 43. Kb4 Be8 44. Kc3 Kf6 45. Kd2 g5 46. fxg5+ Kxg5 47. Ke3 Kh4 48. Kf4 c3 49. Nd3 c2 50. Nc1 Bd7 51. h6 Be8 52. Nd3 Bg6 53. Nc1 Be4 54. Ne2 Kh3 55. g5 Kg2 56. Ke3 Bg6 57. Kd2 Kf3 58. Ng1+ Kg4 59. Kc1 Kxg5 60. Nf3+ Kxh6 61. Ne5 Bf5 62. Nf7+ Kg6 63. Ne5+ Kg5 64. Nf3+ Kf4 65. Ne1 Ke3 0-1

[Event "Verona Province-ch"]
[Site "Zevio Verona"]
[Date "2013.01.20"]
[Round "5"]
[White "Marcori, Mirko"]
[Black "Bonini, Roberto"]
[Result "1-0"]
[WhiteElo "1781"]
[BlackElo "1888"]
[PlyCount "57"]
[EventDate "2013.01.12"]
[EventType "swiss"]
[EventRounds "6"]
[EventCountry "ITA"]
[SourceTitle "EXT 2024"]
[Source "ChessBase"]
[SourceDate "2023.10.10"]
[SourceVersion "1"]
[SourceVersionDate "2023.10.10"]
[SourceQuality "1"]

1. d4 Nf6 2. Nf3 d5 3. g3 g6 4. Bg2 Bg7 5. Bf4 0-0 6. 0-0 Nbd7 7. Nbd2 Re8 8. c4 e6 9. cxd5 exd5 10. Rc1 c6 11. Ne5 Nh5 12. Nxd7 Nxf4 13. gxf4 Qxd7 14. e3 Qd6 15. Qf3 Bf5 16. Qg3 Qb4 17. Nb3 Bf8 18. h4 h5 19. Bf3 Kh7 20. Kh2 Be7 21. Bd1 a5 22. Rg1 Rg8 23. a4 Qb6 24. Rc3 Qd8 25. Bf3 Bxh4 26. Qg2 Qc7 27. Bxd5 g5 28. Be4 Qd7 29. Qh3 1-0

[Event "Verona Province-ch"]
[Site "Zevio Verona"]
[Date "2013.01.20"]
[Round "6"]
[White "Oppici, Gabriele"]
[Black "Marcori, Mirko"]
[Result "1-0"]
[WhiteElo "1977"]
[BlackElo "1781"]
[PlyCount "97"]
[EventDate "2013.01.12"]
[EventType "swiss"]
[EventRounds "6"]
[EventCountry "ITA"]
[SourceTitle "EXT 2024"]
[Source "ChessBase"]
[SourceDate "2023.10.10"]
[SourceVersion "1"]
[SourceVersionDate "2023.10.10"]
[SourceQuality "1"]

1. d4 d6 2. Nf3 Nf6 3. c4 g6 4. Nc3 Bg7 5. Bf4 Bf5 6. h3 Ne4 7. Nxe4 Bxe4 8. e3 c5 9. Qa4+ Bc6 10. Qb3 Bxf3 11. gxf3 cxd4 12. 0-0-0 dxe3 13. Bxe3 0-0 14. h4 h5 15. Bd3 Nd7 16. Rhg1 b6 17. Qc2 Nc5 18. Bxg6 fxg6 19. Qxg6 Rf7 20. Bh6 Qf8 21. Rg5 Rf6 22. Qxg7+ Qxg7 23. Bxg7 Rxf3 24. Bd4+ Kf7 25. Rg7+ Ke6 26. Re1+ Kd7 27. Rexe7+ Kd8 28. Bxc5 dxc5 29. Re5 Rf8 30. Rxh5 a6 31. f4 Rc8 32. Rd5+ Ke8 33. f5 b5 34. h5 bxc4 35. h6 Rc6 36. h7 Rh6 37. Rxc5 Rh1+ 38. Kc2 Rh2+ 39. Kc3 Rh3+ 40. Kxc4 Rh4+ 41. Kb3 Rh3+ 42. Ka4 Rh4+ 43. Ka5 Kd8 44. Rg8 Ke7 45. Rxf8 Kxf8 46. h8Q+ Rxh8 47. Rc8+ Kg7 48. Rxh8 Kxh8 49. Kxa6 1-0

[Event "Codogno op-A 4th"]
[Site "Codogno"]
[Date "2012.09.23"]
[Round "5"]
[White "Gozzini, Giambattista"]
[Black "Marcori, Mirko"]
[Result "1-0"]
[WhiteElo "1865"]
[BlackElo "1804"]
[PlyCount "116"]
[EventDate "2012.09.21"]
[EventType "swiss"]
[EventRounds "5"]
[EventCountry "ITA"]
[SourceTitle "EXT 2016"]
[Source "ChessBase"]
[SourceDate "2015.10.08"]
[SourceVersion "1"]
[SourceVersionDate "2015.10.08"]
[SourceQuality "1"]

1. e4 b6 2. d4 Bb7 3. f3 e6 4. Bd3 c5 5. Ne2 cxd4 6. Nxd4 Bc5 7. Nb3 Qh4+ 8. g3 Qh3 9. Bf1 Qh5 10. Nc3 Bb4 11. Bd2 Bd6 12. Bg2 Ba6 13. Be3 Bb4 14. Qd4 Bxc3+ 15. Qxc3 Nf6 16. 0-0-0 Nc6 17. g4 Qe5 18. Qd2 Qc7 19. h4 Rc8 20. h5 h6 21. Bf4 e5 22. Be3 Bc4 23. Kb1 Bxb3 24. cxb3 Rd8 25. g5 Ng8 26. f4 hxg5 27. fxg5 d6 28. Rc1 Nge7 29. Bf1 Qb7 30. Bb5 a6 31. Bxc6+ Nxc6 32. Qd5 Na5 33. Qxb7 Nxb7 34. Bxb6 Rd7 35. h6 gxh6 36. Rc8+ Nd8 37. Rxd8+ Rxd8 38. Bxd8 Kxd8 39. Rxh6 Rg8 40. Rxd6+ Ke7 41. Rd2 Rxg5 42. Kc2 f5 43. exf5 Rxf5 44. Kd3 Ke6 45. Ke3 Rh5 46. Rf2 Rh3+ 47. Ke4 Rh4+ 48. Ke3 Rh3+ 49. Ke2 Kd5 50. b4 Rh6 51. Kd2 Rb6 52. Rf8 Rxb4 53. Rd8+ Ke4 54. Kc3 Rb6 55. b4 Re6 56. Kd2 Rf6 57. Ke2 Kf4 58. a4 Rb6 1-0

[Event "Codogno op-A 4th"]
[Site "Codogno"]
[Date "2012.09.23"]
[Round "4"]
[White "Marcori, Mirko"]
[Black "Castrogiovanni, Carlo"]
[Result "0-1"]
[WhiteElo "1804"]
[BlackElo "1963"]
[PlyCount "65"]
[EventDate "2012.09.21"]
[EventType "swiss"]
[EventRounds "5"]
[EventCountry "ITA"]
[SourceTitle "EXT 2016"]
[Source "ChessBase"]
[SourceDate "2015.10.08"]
[SourceVersion "1"]
[SourceVersionDate "2015.10.08"]
[SourceQuality "1"]

1. Nf3 Nf6 2. d4 d6 3. c4 g6 4. Nc3 Bg7 5. e4 0-0 6. h3 Nbd7 7. Be2 e5 8. d5 Nc5 9. Qc2 a5 10. Be3 Nfd7 11. Nd2 c6 12. 0-0 f5 13. f4 exf4 14. Bxf4 Ne5 15. Nb3 Nxe4 16. Nxe4 fxe4 17. Qxe4 Bf5 18. Qe3 Re8 19. Qf2 c5 20. g4 Bc2 21. Bxe5 Bxe5 22. Qf7+ Kh8 23. Bf3 Qh4 24. Bg2 Qg3 25. Rf3 Qh2+ 26. Kf1 Be4 27. Nd2 Bxf3 28. Nxf3 Qg3 29. Re1 Rf8 30. Qxb7 Rxf3+ 31. Ke2 Re3+ 32. Kd2 Qxe1+ 33. Kc2 0-1

[Event "Chioggia op-B 05th"]
[Site "Chioggia"]
[Date "2010.10.10"]
[Round "4"]
[White "Marcori, Mirko"]
[Black "Rossi, Gianni"]
[Result "0-1"]
[WhiteElo "1851"]
[BlackElo "1859"]
[PlyCount "74"]
[EventDate "2010.10.08"]
[EventType "swiss"]
[EventRounds "5"]
[EventCountry "ITA"]
[SourceTitle "EXT 2022"]
[Source "ChessBase"]
[SourceDate "2021.10.06"]
[SourceVersion "1"]
[SourceVersionDate "2021.10.06"]
[SourceQuality "1"]

1. d4 Nf6 2. c4 e5 3. dxe5 Ne4 4. Nf3 Nc6 5. a3 d6 6. Qd5 Nc5 7. Qd1 Bg4 8. Bg5 Be7 9. Bxe7 Qxe7 10. exd6 cxd6 11. Nc3 Bxf3 12. gxf3 Ne5 13. Bg2 Ned3+ 14. Kf1 Nf4 15. b4 Nce6 16. Nd5 Nxd5 17. cxd5 Nf4 18. Qa4+ Kf8 19. e4 Rc8 20. Qd1 Qf6 21. h4 Rc3 22. Rh2 Ke7 23. Kg1 Rhc8 24. Bf1 h5 25. Kh1 g5 26. hxg5 Qxg5 27. Bg2 Nd3 28. Bf1 Nf4 29. Bg2 Rc2 30. Bf1 Rg8 31. Bd3 Rc3 32. Bb5 a6 33. Qd2 Rxf3 34. Qc2 axb5 35. Qc7+ Ke8 36. Qc8+ Qd8 37. Qxb7 Rh3 0-1

[Event "Chioggia op-B 05th"]
[Site "Chioggia"]
[Date "2010.10.09"]
[Round "2"]
[White "Marcori, Mirko"]
[Black "Filippi, Simone"]
[Result "1-0"]
[WhiteElo "1851"]
[BlackElo "1717"]
[PlyCount "114"]
[EventDate "2010.10.08"]
[EventType "swiss"]
[EventRounds "5"]
[EventCountry "ITA"]
[SourceTitle "EXT 2022"]
[Source "ChessBase"]
[SourceDate "2021.10.06"]
[SourceVersion "1"]
[SourceVersionDate "2021.10.06"]
[SourceQuality "1"]

1. d4 Nf6 2. c4 d6 3. Nc3 g6 4. g3 Bg7 5. Bg2 0-0 6. e4 Nbd7 7. Nge2 c6 8. 0-0 e5 9. d5 cxd5 10. Nxd5 Nxd5 11. Qxd5 Nb6 12. Qd3 f5 13. Be3 Kh8 14. Rad1 d5 15. cxd5 fxe4 16. Bxe4 Bh3 17. Bg2 Bxg2 18. Kxg2 Qd6 19. Nc3 Rad8 20. Bxb6 Qxb6 21. Rd2 a6 22. Qe4 Qf6 23. Rd3 b5 24. b4 Rc8 25. Qe2 Qd6 26. a3 Rc4 27. Ne4 Qd8 28. Nc5 Qd6 29. Ne6 Rfc8 30. Nxg7 Kxg7 31. Rfd1 R8c7 32. R1d2 Rc8 33. h4 R8c7 34. Re3 Re7 35. Re4 Rxe4 36. Qxe4 Rd7 37. Rd3 h6 38. f4 exf4 39. Qxf4 Qxf4 40. gxf4 Kf6 41. Kf3 Kf5 42. Rd4 Rd8 43. Ke3 g5 44. hxg5 hxg5 45. fxg5 Kxg5 46. Rd3 Kf5 47. Kd4 Rc8 48. Rf3+ Kg6 49. d6 Kg7 50. Kd5 Rc1 51. d7 Rc2 52. Kd6 Rd2+ 53. Kc7 Rc2+ 54. Kd8 Rc1 55. Re3 Kf7 56. Re7+ Kf6 57. a4 bxa4 1-0

[Event "Arco op 31st"]
[Site "Arco"]
[Date "2009.10.21"]
[Round "6"]
[White "Marcori, Mirko"]
[Black "Bottesi, Gianluca"]
[Result "1/2-1/2"]
[WhiteElo "1878"]
[BlackElo "1559"]
[PlyCount "88"]
[EventDate "2009.10.17"]
[EventType "swiss"]
[EventRounds "9"]
[EventCountry "ITA"]
[SourceTitle "EXT 2010"]
[Source "ChessBase"]
[SourceDate "2010.11.25"]
[SourceVersion "1"]
[SourceVersionDate "2010.11.25"]
[SourceQuality "1"]

1. d4 Nf6 2. Nf3 g6 3. Bf4 Bg7 4. e3 0-0 5. Bd3 b6 6. c4 Bb7 7. Nc3 d6 8. d5 Nbd7 9. e4 Re8 10. 0-0 e5 11. Be3 Nc5 12. Bc2 a5 13. Qd2 Ba6 14. b3 Qd7 15. h3 b5 16. Bxc5 dxc5 17. cxb5 Bxb5 18. Nxb5 Qxb5 19. Bd3 Qb4 20. Rfe1 Rad8 21. Qxb4 cxb4 22. Rac1 Re7 23. Rc5 Ra8 24. Rec1 a4 25. Rxc7 Rxc7 26. Rxc7 Ne8 27. Rb7 axb3 28. axb3 Ra1+ 29. Kh2 Bf8 30. Rb8 Nf6 31. Nxe5 Kg7 32. Nc4 Nd7 33. Rd8 Nc5 34. Bc2 Rc1 35. Ne3 Be7 36. Re8 Bg5 37. d6 Bxe3 38. fxe3 Rxc2 39. Rc8 Rc3 40. e5 Nd7 41. Re8 Rxb3 42. Re7 Rxe3 43. Rxd7 Rxe5 44. Rb7 Rd5 1/2-1/2

[Event "Arco op 31st"]
[Site "Arco"]
[Date "2009.10.19"]
[Round "3"]
[White "Fragni, Enrico"]
[Black "Marcori, Mirko"]
[Result "0-1"]
[WhiteElo "1767"]
[BlackElo "1878"]
[PlyCount "110"]
[EventDate "2009.10.17"]
[EventType "swiss"]
[EventRounds "9"]
[EventCountry "ITA"]
[SourceTitle "EXT 2010"]
[Source "ChessBase"]
[SourceDate "2010.11.25"]
[SourceVersion "1"]
[SourceVersionDate "2010.11.25"]
[SourceQuality "1"]

1. c3 d5 2. d3 e5 3. Qc2 Nf6 4. e4 c6 5. Bg5 Be7 6. Be2 Nbd7 7. Nd2 h6 8. Bh4 a6 9. Ngf3 Nh5 10. Bxe7 Qxe7 11. g3 Ndf6 12. h3 Nh7 13. Nh4 N5f6 14. Nf5 Bxf5 15. exf5 a5 16. a4 e4 17. dxe4 Nxe4 18. Nxe4 dxe4 19. 0-0-0 Qg5+ 20. Kb1 Qxf5 21. Bg4 Qe5 22. Bd7+ Kf8 23. h4 Nf6 24. Bh3 g6 25. g4 Kg7 26. Rde1 Rae8 27. Re2 Re7 28. Bg2 Rhe8 29. Rhe1 Qf4 30. g5 hxg5 31. hxg5 Qxg5 32. Bxe4 Rxe4 33. Rxe4 Rxe4 34. Rxe4 Nxe4 35. Qxe4 Qg1+ 36. Ka2 Qxf2 37. Qe5+ Qf6 38. Qxa5 Qe6+ 39. Ka3 f5 40. Qc7+ Qf7 41. Qe5+ Kg8 42. b4 g5 43. Qb8+ Kh7 44. Qh2+ Kg6 45. Qh8 f4 46. a5 f3 47. Qh1 Qf6 48. Qb1+ Kg7 49. Kb3 f2 50. Qf1 Qe6+ 51. Ka3 Qe1 52. Qg2 Qxc3+ 53. Ka2 Qd2+ 54. Ka3 Qc1+ 55. Ka2 f1Q 0-1

[Event "Basso Veronese op 1st"]
[Site "Casaleone"]
[Date "2008.11.23"]
[Round "5"]
[White "De Paoli, Emilio"]
[Black "Marcori, Mirko"]
[Result "1-0"]
[WhiteElo "1608"]
[BlackElo "1911"]
[PlyCount "65"]
[EventDate "2008.11.15"]
[EventType "swiss"]
[EventRounds "6"]
[EventCountry "ITA"]
[SourceTitle "EXT 2011"]
[Source "ChessBase"]
[SourceDate "2010.11.26"]
[SourceVersion "1"]
[SourceVersionDate "2010.11.26"]
[SourceQuality "1"]

1. e4 c5 2. Nf3 Nc6 3. d4 cxd4 4. Nxd4 Nf6 5. Nc3 a6 6. Bg5 e6 7. Nxc6 bxc6 8. e5 h6 9. Bh4 g5 10. Bg3 Ng8 11. Ne4 h5 12. Nd6+ Bxd6 13. exd6 Qa5+ 14. Qd2 Qxd2+ 15. Kxd2 h4 16. Be5 f6 17. Bc3 Kf7 18. Bd3 Nh6 19. Rhf1 Bb7 20. f4 g4 21. Rae1 Rhe8 22. g3 h3 23. Kc1 f5 24. b4 Kg6 25. Bc4 Nf7 26. Rd1 Nd8 27. Rfe1 Kf7 28. Rd2 Rc8 29. Re5 Ra8 30. Rxf5+ Kg6 31. Rg5+ Kh6 32. Rxg4 Nf7 33. Rh4+ 1-0

[Event "Basso Veronese op 1st"]
[Site "Casaleone"]
[Date "2008.11.16"]
[Round "3"]
[White "Bellini, Luca"]
[Black "Marcori, Mirko"]
[Result "1/2-1/2"]
[WhiteElo "1599"]
[BlackElo "1911"]
[PlyCount "76"]
[EventDate "2008.11.15"]
[EventType "swiss"]
[EventRounds "6"]
[EventCountry "ITA"]
[SourceTitle "EXT 2011"]
[Source "ChessBase"]
[SourceDate "2010.11.26"]
[SourceVersion "1"]
[SourceVersionDate "2010.11.26"]
[SourceQuality "1"]

1. e4 c5 2. Nc3 Nc6 3. d3 Nf6 4. Nf3 d6 5. h3 e6 6. Be3 Be7 7. Qd2 a6 8. Be2 b5 9. g4 b4 10. Na4 e5 11. g5 Nd7 12. h4 Nb6 13. Nxb6 Qxb6 14. h5 Be6 15. Nh4 g6 16. f4 exf4 17. Bxf4 Nd4 18. Nf3 Nxe2 19. Qxe2 gxh5 20. Rxh5 Bg4 21. Rh4 h5 22. Qg2 0-0-0 23. 0-0-0 Rdg8 24. Rdh1 Bxf3 25. Qxf3 Bxg5 26. Rxh5 Bxf4+ 27. Qxf4 Rxh5 28. Rxh5 Qc7 29. Rh1 Qe7 30. Rf1 Rf8 31. Qf5+ Kc7 32. Qd5 f6 33. Qf5 Qf7 34. b3 Qe7 35. Rh1 Rf7 36. Rh8 Rf8 37. Rh7 Rf7 38. Rh8 Rf8 1/2-1/2

[Event "Pedavena op 1st"]
[Site "Pedavena"]
[Date "2005.08.05"]
[Round "5"]
[White "Stiz, Massimiliano"]
[Black "Marcori, Mirko"]
[Result "0-1"]
[WhiteElo "1886"]
[BlackElo "1730"]
[PlyCount "62"]
[EventDate "2005.08.03"]
[EventType "swiss"]
[EventRounds "6"]
[EventCountry "ITA"]
[SourceTitle "EXT 2007"]
[Source "ChessBase"]
[SourceDate "2006.11.23"]
[SourceVersion "1"]
[SourceVersionDate "2006.11.23"]
[SourceQuality "1"]

1. b3 f5 2. Bb2 Nf6 3. e3 e6 4. c4 Be7 5. f4 c6 6. Nf3 d5 7. Be2 0-0 8. 0-0 Bd7 9. d3 Be8 10. Ne5 Nbd7 11. Nd2 Nxe5 12. fxe5 Nd7 13. cxd5 cxd5 14. e4 dxe4 15. dxe4 fxe4 16. Nxe4 Rxf1+ 17. Bxf1 Nc5 18. Qg4 Nxe4 19. Qxe4 Bc6 20. Qg4 Bc5+ 21. Kh1 Qe7 22. Bc4 Re8 23. Rf1 a6 24. Qh3 Be4 25. a4 Bd5 26. Bd3 h6 27. Qh5 Rf8 28. Rc1 Rf2 29. Rg1 Rxb2 30. Qg6 Qf7 31. Qh7+ Kf8 0-1

[Event "Parco del Taro op 1st"]
[Site "Collecchio"]
[Date "2004.03.13"]
[Round "2"]
[White "Potenza, Gaetano"]
[Black "Marcori, Mirko"]
[Result "0-1"]
[WhiteElo "1528"]
[BlackElo "1573"]
[PlyCount "76"]
[EventDate "2004.03.12"]
[EventType "swiss"]
[EventRounds "5"]
[EventCountry "ITA"]
[SourceTitle "EXT 2007"]
[Source "ChessBase"]
[SourceDate "2006.11.23"]
[SourceVersion "1"]
[SourceVersionDate "2006.11.23"]
[SourceQuality "1"]

1. e4 e6 2. d4 d5 3. Nc3 Bb4 4. e5 c5 5. Qg4 Ne7 6. Nf3 cxd4 7. Bb5+ Bd7 8. Nxd4 Bxc3+ 9. bxc3 Bxb5 10. Nxb5 0-0 11. Bd2 Nbc6 12. f4 a6 13. Nd4 b5 14. 0-0 Rc8 15. Nxc6 Rxc6 16. a4 bxa4 17. Rxa4 Qb6+ 18. Kh1 Qb2 19. Qd1 Qb7 20. Qe2 Nf5 21. Rfa1 Ra8 22. Rb4 Qc8 23. Rab1 g6 24. Qg4 Qd8 25. Be1 Rc7 26. R1b2 Rac8 27. h4 h5 28. Qf3 Nxh4 29. Qh3 Nf5 30. g4 hxg4 31. Qxg4 Kg7 32. Kg1 Qe7 33. Rb8 Qd8 34. R8b3 a5 35. Rb6 Qe7 36. Rb8 a4 37. R2b7 Rxb7 38. Rxc8 Rb1 0-1